00446nam a2200181Ia 450000500170000000800410001702000180005804100080007608200150008410000140009924500170011325000110013026000320014130000090017350000290018265000280021170000250023920251118160432.0230125s9999 xx 000 0 und d a81-7554-137-7 aeng a158.1bRUS aRussell K aTest your IQ a1st ed c2000bKogan PageaNew Delhi a186p aPersonality Development, aPersonality Development aRussell K & Carter P